| 000 | 00357nam a2200145Ia 4500 | ||
|---|---|---|---|
| 008 | 230312s9999||||xx |||||||||||||| ||und|| | ||
| 020 | _a0-7020-2979-0 | ||
| 082 |
_a618.92 _bRAD |
||
| 245 | 0 | _aAIDS to Radiological Differential Diagnosis | |
| 260 |
_bElsevier _aindia _c2009 |
||
| 300 | _a519 | ||
| 546 | _aEng. | ||
| 650 |
_aMedical _vRadiology |
||
| 942 | _cBK | ||
| 999 |
_c5400 _d5400 |
||